Statistiques concernant Classement Pixel War 2023

Cliquez ici pour prendre le quiz!

Statistiques générales

  • Ce quiz a été pris 41 fois
  • Le résultat moyen est 6 sur 10

Statistiques - réponses

#PaysNmb de pixel% Correct
3France10 276 963
100%
1États-Unis19 208 601
95%
2Allemagne18 966 101
93%
8Royaume-Uni4 410 167
78%
10Canada3 775 337
65%
6Mexique7 924 678
58%
5Brésil5 150 529
55%
7Argentine4 632 739
45%
4Turquie7 344 446
30%
9Viêt Nam3 396 831
10%

Distribution des résultats

Percentile par nombre de réponses

% des personnes avec chaque résultat

Votre développement - résultats

Vous n’avez pas pris ce quiz